The way of the Pathans, (Record no. 523393)

000 -LEADER
fixed length control field 00796cam a2200277 4500
001 - CONTROL NUMBER
control field 4092658
003 - CONTROL NUMBER IDENTIFIER
control field NUST
005 - DATE AND TIME OF LATEST TRANSACTION
control field 20190209065641.0
008 - FIXED-LENGTH DATA ELEMENTS--GENERAL INFORMATION
fixed length control field 740111s1972 pk ab 001 0 eng
010 ## - LIBRARY OF CONGRESS CONTROL NUMBER
LC control number 73180443
038 ## - RECORD CONTENT LICENSOR
Staff Name waseem
040 ## - CATALOGING SOURCE
Original cataloging agency DLC
Transcribing agency DLC
Modifying agency DLC
043 ## - GEOGRAPHIC AREA CODE
Geographic area code a-pk---
050 00 - LIBRARY OF CONGRESS CALL NUMBER
Classification number DS380.P8
Item number S67 1972
082 00 - DEWEY DECIMAL CLASSIFICATION NUMBER
Classification number 915.49069159
Author Mark SPA
100 1# - MAIN ENTRY--PERSONAL NAME
Personal name Spain, James W.
Fuller form of name (James William)
9 (RLIN) 5485
245 14 - TITLE STATEMENT
Title The way of the Pathans,
Statement of responsibility, etc. by James W. Spain.
250 ## - EDITION STATEMENT
Edition statement [2d ed.]
260 ## - PUBLICATION, DISTRIBUTION, ETC.
Place of publication, distribution, etc. Karachi,
-- New York,
Name of publisher, distributor, etc. Oxford University Press
Date of publication, distribution, etc. [1972]
300 ## - PHYSICAL DESCRIPTION
Extent 190 p.
Other physical details illus., map.
Dimensions 23 cm.
350 ## - PRICE (NR) (BK AM CF MU VM SE) [OBSOLETE]
Price $5.00
650 #0 - SUBJECT ADDED ENTRY--TOPICAL TERM
Topical term or geographic name entry element Pushtuns.
9 (RLIN) 3930
651 #0 - SUBJECT ADDED ENTRY--GEOGRAPHIC NAME
Geographic name Pakistan
General subdivision Description and travel.
9 (RLIN) 3431
906 ## - LOCAL DATA ELEMENT F, LDF (RLIN)
a 7
b cbc
c orignew
d 2
e ncip
f 19
g y-gencatlg
942 ## - ADDED ENTRY ELEMENTS (KOHA)
Source of classification or shelving scheme
Koha item type Book
Holdings
Withdrawn status Lost status Source of classification or shelving scheme Damaged status Not for loan Collection code Permanent Location Current Location Shelving location Date acquired Total Checkouts Total Renewals Full call number Barcode Date last seen Date last checked out Price effective from Koha item type
            Central Library (CL) Central Library (CL) Book Cart 02/09/2019 2 1 915.49069159 SPA NIT-7149 02/02/2023 02/28/2022 02/09/2019 Book
© 2023 Central Library, National University of Sciences and Technology. All Rights Reserved.